Normal view
MARC view
Entry Personal Name
001 - CONTROL NUMBER
- control field: 401208
003 - CONTROL NUMBER IDENTIFIER
- control field: OSt
005 - DATE AND TIME OF LATEST TRANSACTION
- control field: 20220928102914.0
008 - FIXED-LENGTH DATA ELEMENTS
- fixed length control field: 220928|| aca||aabn | a|a d
040 ## - CATALOGING SOURCE
- Original cataloging agency: OSt
- Transcribing agency: OSt
100 ## - HEADING--PERSONAL NAME
- Personal name: Nichols Andrew
670 ## - SOURCE DATA FOUND
- Source citation: Work cat.: (OSt)717083: Nichols Andrew, Ctesias of India and fragments of his minor works., 2011
